[Event "Mirandola Giovanni Pico op 4th"]
[Site "Mirandola"]
[Date "2011.01.16"]
[Round "4"]
[White "Malago, Federico"]
[Black "Gabbriellini, Gianfranco"]
[Result "1-0"]
[WhiteElo "1960"]
[BlackElo "1527"]
[PlyCount "85"]
[EventDate "2011.01.14"]
[EventType "swiss"]
[EventRounds "5"]
[EventCountry "ITA"]
[SourceTitle "EXT 2012"]
[Source "ChessBase"]
[SourceDate "2011.11.24"]
[SourceVersion "1"]
[SourceVersionDate "2011.11.24"]
[SourceQuality "1"]

1. e4 e5 2. Nf3 Nc6 3. d4 d5 4. exd5 Qxd5 5. Nc3 Bb4 6. Bd2 Bxc3 7. Bxc3 Bg4 8. dxe5 Bxf3 9. Qxf3 Qxf3 10. gxf3 0-0-0 11. Bh3+ Kb8 12. 0-0 Nge7 13. Rfe1 Nd5 14. e6 fxe6 15. Bxe6 Nxc3 16. bxc3 Rhe8 17. Bf5 g6 18. Rxe8 Rxe8 19. Bd7 Re5 20. f4 Rc5 21. Re1 b6 22. Re8+ Kb7 23. Bc8+ Ka8 24. Ba6+ Nb8 25. c4 Rf5 26. Bb5 a6 27. Bc6+ Ka7 28. Be4 Rxf4 29. Re7 a5 30. Rxc7+ Ka6 31. Bb7+ Ka7 32. Bc8+ Ka8 33. Bh3 Na6 34. Bg2+ Kb8 35. Rb7+ Kc8 36. Rxh7 Nb4 37. Rg7 Rf6 38. a4 Nxc2 39. Be4 Nd4 40. Rxg6 Rf4 41. Bd5 Kc7 42. Kg2 Nf5 43. Rc6+ 1-0

[Event "Vignola Weekend-A 9th"]
[Site "Vignola"]
[Date "2010.11.14"]
[Round "4"]
[White "Rubbiani, Samuel"]
[Black "Gabbriellini, Gianfranco"]
[Result "0-1"]
[WhiteElo "1485"]
[BlackElo "1431"]
[PlyCount "96"]
[EventDate "2010.11.12"]
[EventType "swiss"]
[EventRounds "5"]
[EventCountry "ITA"]
[SourceTitle "EXT 2024"]
[Source "ChessBase"]
[SourceDate "2023.10.10"]
[SourceVersion "1"]
[SourceVersionDate "2023.10.10"]
[SourceQuality "1"]

1. e4 e5 2. Bc4 Nc6 3. Nf3 Bc5 4. Nc3 d6 5. h3 Nd4 6. d3 Nxf3+ 7. Qxf3 Qf6 8. Qxf6 Nxf6 9. Be3 Bb4 10. 0-0 Bxc3 11. bxc3 c5 12. f4 Nd7 13. d4 f6 14. a4 Ke7 15. a5 a6 16. f5 b6 17. Bd5 Ra7 18. Rfb1 b5 19. dxc5 dxc5 20. Rd1 Rc7 21. c4 b4 22. Rd3 Bb7 23. Rad1 Rd8 24. Bxb7 Rxb7 25. Bxc5+ Ke8 26. Bf2 Rc8 27. c5 Nxc5 28. Bxc5 Rxc5 29. Rd5 Rxc2 30. Rd6 Rc5 31. Rxa6 b3 32. Ra8+ Ke7 33. Rdd8 Rcc7 34. Rf8 Kd6 35. Rad8+ Kc5 36. Rd5+ Kb4 37. a6 Rb6 38. Rd2 Ka3 39. Rd3 Kb2 40. Rfd8 Rxa6 41. Rb8 Rc3 42. Rd2+ Rc2 43. Rd3 Rc3 44. Rd2+ Kc1 45. Rbd8 Ra1 46. Rd1+ Kb2 47. R8d2+ Rc2 48. Kf2 Rxd1 0-1

[Event "Vignola Weekend-A 9th"]
[Site "Vignola"]
[Date "2010.11.12"]
[Round "1"]
[White "Del Gaiso, Massimo"]
[Black "Gabbriellini, Gianfranco"]
[Result "1/2-1/2"]
[WhiteElo "1777"]
[BlackElo "1431"]
[PlyCount "74"]
[EventDate "2010.11.12"]
[EventType "swiss"]
[EventRounds "5"]
[EventCountry "ITA"]
[SourceTitle "EXT 2024"]
[Source "ChessBase"]
[SourceDate "2023.10.10"]
[SourceVersion "1"]
[SourceVersionDate "2023.10.10"]
[SourceQuality "1"]

1. e4 e5 2. d4 d6 3. dxe5 dxe5 4. Qxd8+ Kxd8 5. Nf3 f6 6. Be3 Nh6 7. h3 Be6 8. Nbd2 Ke8 9. c3 Bd6 10. Nc4 Nf7 11. Be2 Ke7 12. 0-0 Nd7 13. Rfd1 Bc5 14. Nfd2 Bxe3 15. Nxe3 Rhd8 16. b4 Nb6 17. a4 Nd6 18. c4 Nxe4 19. Nxe4 Rxd1+ 20. Rxd1 Nxa4 21. Nd5+ Bxd5 22. cxd5 f5 23. d6+ cxd6 24. Nxd6 Nc3 25. Nxf5+ Kf6 26. Rd6+ Kxf5 27. Bg4+ Kg5 28. Rd7 h5 29. Be6 Kf6 30. Bb3 Ne2+ 31. Kh2 Nd4 32. Bd5 a5 33. Rxb7 Rd8 34. Bc4 Rc8 35. Bd5 Rd8 36. Bc4 Rc8 37. Rb6+ Rc6 1/2-1/2